Statistics for Same spelling - different meaning (English/German translation)

Click here to take the quiz!

General Stats

  • This quiz has been taken 41 times
  • The average score is 12 of 22

Answer Stats

WordTranslation% Correct
German:Tag (noun)English:day
88%
German:gut (adjective)English:good
88%
German:Bad (noun)English:bath
72%
German:Land (noun)English:country
72%
English:an (ind. article)German:ein(e)
72%
English:gift (noun)German:Geschenk
69%
German:See (noun)English:lake
66%
German:an (adjective)English:on
66%
German:Gift (noun)English:poison
66%
English:bad (adjective)German:schlecht
66%
English:see (verb)German:sehen
66%
English:angel (noun)German:Engel
56%
German:nun (adverb)English:now
56%
German:still (adjective)English:silent
56%
English:still (adverb)German:trotzdem
50%
German:Wand (noun)English:wall
50%
English:nun (noun)German:Nonne
38%
English:land (verb)German:landen
34%
English:gut (noun)German:Darm
28%
English:tag (noun)German:Etikett
22%
German:Angel (noun)English:fishing rod
22%
English:wand (noun)German:(Zauber)Stab
22%

Score Distribution

Percentile by Number Answered

Percent of People with Each Score

Your Score History

You have not taken this quiz